000 00372nam a2200145Ia 4500
008 230312s9999||||xx |||||||||||||| ||und||
020 _a0-8213-5488-X
082 _a330.9
_bMAK
245 0 _aMaking services work for poor people
260 _bThe World Bank
_aNew York
_c2003
300 _a271
546 _aEng.
650 _aEconomics
_vOverview, the Problem
942 _cBK
999 _c2593
_d2593